000 00444nam a2200157Ia 4500
008 240729s9999 xx 000 0 und d
022 _a2314-4912
245 0 _aJournal of Engineering
260 _aUnited Kingdom
260 _bHindawi Limited
650 _a Engineering (General). Civil engineering (General)
650 _aTechnology
856 _uhttps://doaj.org/toc/a5c3339506e14470981d03fb7b11cc04
942 _2ddc
942 _cDOAJEJ
999 _c71771
_d71771
945 _a1
_bMadushi Gamage
_c1
_dMadushi Gamage